00413nam a2200121Ia 4500008004100000082001800041100003500059245002800094260004200122300001000164630001800174650009900192211109s9999||||xx |||||||||||||| ||und|| a891.43bSHA-B aSarma, Chathurvedi Durgaprasad 0aBharatya Upakhyana Mala bBational Press PryogaAllahabadc1989 a378p. xGeneral Stack aALTAIC, URALIC, HYPERBOREAN AND DRAVIDIANvLITERATURES OF OTHER LANGUAGESLITERATURExGeneralia